000 00300nam a22001337a 4500
008 170922b xxu||||| |||| 00| 0 eng d
020 _a9781439082515
041 _aeng
080 _27 ED
_a37
100 _a46
101 _aEDU
245 _aTHE CONFIDENT STUDIES
_cKANAR.C.C
942 _2udc
_cBK
999 _c29169
_d29169